Catholic University of Zimbabwe Library
Online Public Access Catalogue
(OPAC)

Carl J. Couch and the Iowa School : (Record no. 30271)

MARC details
000 -LEADER
fixed length control field 02989nam a2200457Ii 4500
001 - CONTROL NUMBER
control field 9781787431652
003 - CONTROL NUMBER IDENTIFIER
control field UtOrBLW
005 - DATE AND TIME OF LATEST TRANSACTION
control field 20210303084951.0
006 - FIXED-LENGTH DATA ELEMENTS--ADDITIONAL MATERIAL CHARACTERISTICS
fixed length control field m o d
007 - PHYSICAL DESCRIPTION FIXED FIELD--GENERAL INFORMATION
fixed length control field cr un|||||||||
008 - FIXED-LENGTH DATA ELEMENTS--GENERAL INFORMATION
fixed length control field 170830s2017 enk ob 001 0 eng d
020 ## - INTERNATIONAL STANDARD BOOK NUMBER
International Standard Book Number 9781787431652
Qualifying information (e-book)
040 ## - CATALOGING SOURCE
Original cataloging agency UtOrBLW
Language of cataloging eng
Description conventions rda
Transcribing agency UtOrBLW
043 ## - GEOGRAPHIC AREA CODE
Geographic area code n-us-ia
050 #4 - LIBRARY OF CONGRESS CALL NUMBER
Classification number HM499
Item number .C37 2017
072 #7 - SUBJECT CATEGORY CODE
Subject category code JHBA
Source bicssc
072 #7 - SUBJECT CATEGORY CODE
Subject category code SOC026040
Source bisacsh
080 ## - UNIVERSAL DECIMAL CLASSIFICATION NUMBER
Universal Decimal Classification number 316.4
082 04 - DEWEY DECIMAL CLASSIFICATION NUMBER
Classification number 302
Edition number 23
245 00 - TITLE STATEMENT
Title Carl J. Couch and the Iowa School :
Remainder of title in his own words and in reflection /
Statement of responsibility, etc. edited by Michael A. Katovich.
264 #1 - PRODUCTION, PUBLICATION, DISTRIBUTION, MANUFACTURE, AND COPYRIGHT NOTICE
Name of producer, publisher, distributor, manufacturer Emerald Publishing Limited,
300 ## - PHYSICAL DESCRIPTION
Extent 1 online resource (xxv, 182 pages).
490 1# - SERIES STATEMENT
Series statement Studies in symbolic interaction,
International Standard Serial Number 0163-2396 ;
Volume/sequential designation v. 49
500 ## - GENERAL NOTE
General note Includes index.
504 ## - BIBLIOGRAPHY, ETC. NOTE
Bibliography, etc. note Includes bibliographical references.
505 0# - FORMATTED CONTENTS NOTE
Formatted contents note Prelims -- The romance of discovery By Carl J. Couch -- Social scientific foundations of discovery -- Reflections -- Selected bibliography on the Iowa School -- About the authors -- Index.
520 ## - SUMMARY, ETC.
Summary, etc. In this new volume of Studies in Symbolic Interaction, Carl J. Couch's (1925-1994) memoir The Romance of Discovery, which has lain unpublished for thirty years, is published in full for the first time. Couch, one of the co-founders of the Society for the Study of Symbolic Interaction, reflects on his work that influenced a generation of scholars and created a novel perspective known as the new Iowa School of Symbolic Interaction. His memoir describes the joy of establishing synergetic connections and the pain of the political struggles associated with the establishment of this school of thought. It offers a frank, proud yet humble, unapologetic description of a scholar's journey, from a successful research to a founder of a school of thought. It provides a readable and valuable 'moral tale' of how research is not only a social act, but charged with political and conflictual dynamics as well. Edited and set in context by Michael A. Katovich, the volume also includes Couch's unpublished essay 'Forms of Social Processes' which sets out a theory of his methodology. Friends and colleagues offer their personal reflections on their relationship with Couch, and the volume concludes with a unique selected bibliography on new Iowa School works.
588 0# - SOURCE OF DESCRIPTION NOTE
Source of description note Print version record
650 #0 - SUBJECT ADDED ENTRY--TOPICAL TERM
Topical term or geographic name entry element Symbolic interactionism
Geographic subdivision Iowa.
610 20 - SUBJECT ADDED ENTRY--CORPORATE NAME
Corporate name or jurisdiction name as entry element Society for the Study of Symbolic Interaction.
650 #7 - SUBJECT ADDED ENTRY--TOPICAL TERM
Topical term or geographic name entry element Social Science
General subdivision Sociology / Social Theory.
Source of heading or term bisacsh
650 #7 - SUBJECT ADDED ENTRY--TOPICAL TERM
Topical term or geographic name entry element Social theory.
Source of heading or term bicssc
700 1# - ADDED ENTRY--PERSONAL NAME
Personal name Katovich, Michael A.,
Relator term editor.
776 ## - ADDITIONAL PHYSICAL FORM ENTRY
International Standard Book Number 9781787431669
830 #0 - SERIES ADDED ENTRY--UNIFORM TITLE
Uniform title Studies in symbolic interaction ;
Volume/sequential designation 49.
856 40 - ELECTRONIC LOCATION AND ACCESS
Uniform Resource Identifier <a href="https://www.emerald.com/insight/publication/doi/10.1108/S0163-2396201749">https://www.emerald.com/insight/publication/doi/10.1108/S0163-2396201749</a>
Holdings
Withdrawn status Lost status Source of classification or shelving scheme Damaged status Not for loan Home library Current library Shelving location Date acquired Total Checkouts Full call number Date last seen Uniform Resource Identifier Price effective from Koha item type
          Digital Library Digital Library Online Access 03.03.2021   HM499 .C37 2017 03.03.2021 https://www.emerald.com/insight/publication/doi/10.1108/S0163-2396201749 03.03.2021 eBook

OPENING HOURS

Weekdays: 0815hrs - 1800hrs
Weekends:0900hrs - 1200hrs

Closed for Mass:

Mon, Thur: 1200hrs - 1300hrs
Sunday & Public Holiday’s

CALL SUPPORT

0242-570570, 0242-570169
09200664, +263 8644140602

LOCATION

18443, Cranborne Avenue, Hatfield, Harare

Other Links


©2021 | CUZ Library